000 00853cab a2200277 4500
001 WB3314-23
008 090401t1997 xxu||||| |||| 00| 0 eng d
035 _a(Sirsi) u77690
041 _aeng
245 _aPoor eco-awareness
260 _c1997
350 _a0
490 _aContract Journal
_v388(6119) 2 April 1997, 19(1)
520 _aA report from the College of Estate Management shows that the building industry has poor awareness of the business impact of environmental issues.
650 _aAWARENESS
650 _aBUILDING INDUSTRY
650 _aBUSINESS IMPACT
650 _aContamination
_96231
650 _aENVIRONMENT ACT 1995
650 _aENVIRONMENTAL IMPACT
650 _aENVIRONMENTAL ISSUES
650 _aPROPERTY DEVELOPERS
690 _aENVIRONMENTAL AND LAND CONSULTANCY
942 _n0
948 _c10/04/1997
999 _c48832
_d48832